| 000 | 00459nam a2200133Ia 4500 | ||
|---|---|---|---|
| 008 | 220204s9999 xx 000 0 und d | ||
| 082 |
_a638.1:061.3(5) _bSIV |
||
| 100 | _aAnita, M | ||
| 245 | 0 | _aProceedings of the 6th Asian Apicultural Association (AAA) International Conference and World Apiexpo 2002, 24 Feb-1 March 2002, Bangalore, India. | |
| 260 |
_aBangalore _bCentury Foundation _c2005 |
||
| 650 | _aBee keeping | ||
| 700 | _aSivaram, V | ||
| 942 | _cBK | ||
| 999 |
_c42440 _d42440 |
||